000 00703nam a2200229Ia 4500
003 OSt
005 20220923212205.0
006 a|||||r|||| 00| 0
007 ta
008 220922b |||||||| |||| 00| 0 hin d
024 _a151,565
037 _cTextual
040 _aARTS
_cARTS
_bhin
041 _2hin
_ahin
082 _aO:3N25:1, 152K3
100 _aअरोड़ा, शिर्ले एल
245 0 _aफिर क्या करोगे, राम दीवान अनु
246 _aFir kyā karoge, rām dīvān anu0
260 _c1963
942 _hO:3N25:1, 152K3
_cTEXL
_2CC
999 _c307238
_d307238